书目信息 |
| 题名: |
日语听力课堂
|
|
| 作者: | 徐萍飞 , 王维贞 主编 ;大和启子 编 | |
| 分册: | 第1辑 | |
| 出版信息: | 北京 外语教学与研究出版社 2009.12 |
|
| 页数: | 311页 | |
| 开本: | 26cm | |
| 丛书名: | ||
| 单 册: | ||
| 中图分类: | H369.9 | |
| 科图分类: | ||
| 主题词: | 日语--ri yu--听说教学--教材 | |
| 电子资源: | ||
| ISBN: | 978-7-5600-9124-2 | |
| 000 | 01235nam0 2200289 450 | |
| 001 | B00000004505 | |
| 005 | 20110716151948.68 | |
| 010 | @a978-7-5600-9124-2@dCNY45.90 (含光盘) | |
| 010 | @a978-7-89478-364-6@b光盘 | |
| 100 | @a20100113d2009 km y0chiy50 ea | |
| 101 | 0 | @achi |
| 102 | @aCN@b110000 | |
| 105 | @aa z 000yy | |
| 106 | @ar | |
| 200 | 1 | @a日语听力课堂@Ari yu ting li ke tang@h第1辑@f徐萍飞, 王维贞主编@g(日) 大和启子 ... [等] 编 |
| 210 | @a北京@c外语教学与研究出版社@d2009.12 | |
| 215 | @a311页@c图@d26cm@e光盘1片 | |
| 304 | @a题名页题:大和启子,方江英,刘晓杰,杨晓红,李珍,金京淑。 | |
| 330 | @a第一部分为国际能力考试模拟题,因为学生一般到大学三年级都要参加日语国际能力考试,加强这方面训练符合学生的心理要求。第二部分为日本文化方面的知识,包括日本的宗教、音乐、歌舞伎、春节、成人节、温泉等等。第三部分为精彩的日本动漫、日剧片段节选。内容新颖,语句优美漂亮,语音纯正地道,引起学生极大兴趣和欢迎,亦为《日语听力课堂(第1辑)》的特色内容所在。 | |
| 586 | @a | |
| 606 | 0 | @a日语@Ari yu@x听说教学@j教材 |
| 690 | @aH369.9@v5 | |
| 701 | 0 | @a徐萍飞@Axu ping fei@4主编 |
| 701 | 0 | @a王维贞@Awang wei zhen@4主编 |
| 702 | 0 | @a大和启子@Ada he qi zi@4编 |
| 801 | 0 | @aCN@c20110610 |
| 905 | @dH369.9@eX770:1@f3 | |
| 日语听力课堂.第1辑/徐萍飞, 王维贞主编/(日) 大和启子 ... [等] 编.-北京:外语教学与研究出版社,2009.12 |
| 311页:图;26cm+光盘1片 |
| ISBN 978-7-5600-9124-2:CNY45.90 (含光盘) |
| 第一部分为国际能力考试模拟题,因为学生一般到大学三年级都要参加日语国际能力考试,加强这方面训练符合学生的心理要求。第二部分为日本文化方面的知识,包括日本的宗教、音乐、歌舞伎、春节、成人节、温泉等等。第三部分为精彩的日本动漫、日剧片段节选。内容新颖,语句优美漂亮,语音纯正地道,引起学生极大兴趣和欢迎,亦为《日语听力课堂(第1辑)》的特色内容所在。 |
| ● |
| 相关链接 |
|
|
|
正题名:日语听力课堂
索取号:H369.9/X770:1
 
预约/预借
| 序号 | 登录号 | 条形码 | 馆藏地/架位号 | 状态 | 备注 |
| 1 | 885195 | 208851955 | 语言库209/209语言库 135排1列1层/ [索取号:H369.9/X770:1] | 在馆 | |
| 2 | 885196 | 208851964 | 语言库209/209语言库 135排1列1层/ [索取号:H369.9/X770:1] | 在馆 | |
| 3 | 885197 | 208851973 | 语言库209/209语言库 135排1列1层/ [索取号:H369.9/X770:1] | 在馆 |